02125naa a2200169 a 450000100080000000500110000800800410001910000210006024501410008126000090022252015570023165300100178865300390179865300260183770000170186377300750188011248462016-02-17 2015 bl uuuu u00u1 u #d1 aDENSKI, A. P. N. aTend??ncia climatol??gica nos elementos meteorol??gicos e na evapotranspira????o de refer??ncia de Urussanga -SC.h[electronic resource] c2015 aevapotranspira????o de refer??ncia (ET0) ?? um processo mundialmente estudado por ser um importante par??metro utilizado em estudos meteorol??gicos, climatol??gicos e hidrol??gicos. Nestes estudos os c??lculos de evapotranspira????o s??o realizados com base nas s??ries climatol??gicas de longo per??odo e sua aplica????o sup??e que estas s??ries n??o apresentem tend??ncias. Com o aquecimento global e as modifica????es clim??ticas alguns estudos tem demostrado tend??ncia de aumento ou de redu????o na evapotranspira????o nas ??ltimas d??cadas. O presente estudo tem por objetivo avaliar se h?? tend??ncias nas s??ries climatol??gicas usadas na estimativa da evapotranspira????o bem como nas estimativas da evapotranspira????o de refer??ncia. Foram usados os dados di??rios do per??odo de 01/10/1980 a 31/12/2013 da esta????o meteorol??gica de Urussanga, SC. Foram usadas as s??ries de dados de temperatura m??xima, temperatura m??dia, temperatura m??nima do ar, umidade relativa, velocidade do vento e insola????o. A evapotranspira????o di??ria foi estimada pelo m??todo de Penman-Monteith. Para avaliar a tend??ncia nas s??ries foi usado o teste de Mann-Kendall e para avaliar a magnitude da tend??ncia foi usado o teste de Theil-Sen. Foi observada a tend??ncia de aumento na s??rie de temperatura m??dia anual, com aumento de 0,0174 ??C.ano-1, e tamb??m tend??ncia de diminui????o da velocidade do vento no m??s de julho. Nas demais s??ries clim??ticas bem como nas s??ries de evapotranspira????o n??o foram constatadas tend??ncias significativas. aClima aevapotranspira????o de refer??ncia atend??ncia clim??tica1 aBACK, ??. J. tRevista Brasileira de Climatologia, Curitibagv. 17, p. 262-274, 2015.